| 000 | 00780cam a2200217 a 4500 | ||
|---|---|---|---|
| 020 | _a0133564037 (hardcover) | ||
| 082 | 0 | 0 |
_a620.104 _bKUL _cL-01, P-101 |
| 100 | 1 |
_aShearer, J. Lowen. _940558 |
|
| 245 | 1 | 0 |
_aDynamic modeling and control of engineering systems / _cJ. Lowen Shearer, Bohdan T. Kulakowski, John F. Gardner. |
| 250 | _a2nd ed. | ||
| 260 |
_aUpper Saddle River, N.J. : _bPrentice Hall, _cc1997. |
||
| 300 |
_axx, 375 p. : _bill. ; _c24 cm. |
||
| 500 | _aIncludes index. | ||
| 526 |
_a0 _b0 _c0 _d620_104000000000000_KUL |
||
| 650 | 0 |
_aEngineering _xMathematical models. _940559 |
|
| 650 | 0 |
_aMCE _9379 |
|
| 650 | 0 |
_aSystems engineering _xMathematical models. _92309 |
|
| 700 | 1 |
_aGardner, John F. _940560 |
|
| 700 | 1 |
_aKulakowski, Bohdan T. _940561 |
|
| 942 |
_2ddc _cBK |
||
| 999 |
_c544821 _d544821 |
||